00535 a2200169 4500010001400000020002300014035001300037037001500050082001600065100001600081245008000097250001100177260004600188270007400234300003000308500002700338 aENG-88159 a8175345632c175.00 aEN-71692 bDBAD / PUB14a344.54160711 aKumar, H.L.1 aAn exhaustive guide :bDelhi School Education act & rules /cby H.L. Kumar a7th ed aDelhibUniversal Law Publishing Co.c2006 aC-FF-1A, Dilkhush Industrial Estate, G.T. Karnal RoadbDelhie110 033 axviii, 211 p.c24 cm(Pbk) aincludes subject index